Période Classique - Statistiques

Statistiques générales
  • Ce quiz a été pris 16 fois
  • Le résultat moyen est 7 sur 13
Statistiques - réponses
Questions Réponse % Correct
Quels sont les 3 grands compositeurs de cette époque ? Première lettre - "M" Mozart
100%
Quelle est la période qui précède la période classique ? Baroque
82%
Quels sont les 3 grands compositeurs de cette époque ? Première lettre - "B" Beethoven
82%
Quelle période vient après la période classique ? Romantisme
73%
Quand commence la période classique ? 1750
64%
Quand termine la période classique ? 1800
64%
Quelle famille d'instrument va se développer durant cette période ? les bois
55%
Quel autre instrument commençant par un "C" va faire son apparition ? clarinette
45%
Quels sont les 3 grands compositeurs de cette époque ? Première lettre - "H" Haydn
45%
il y a 2 choses qui vont beaucoup évoluer dans la période (qui commencent par "O") Opéra | Orchestre
45%
Quel est l'instrument qui va remplacer le clavecin? le piano forte
36%
Quels adjectifs caractérisent cette période ? Simplicité | Clarté | Équilibre
27%
Quelle forme est caractéristique de la période ? sonate
18%
Aucun quiz correspondant
Distribution des résultats
% des personnes avec chaque résultat
Percentile par nombre de réponses
Votre historique - résultats
Vous n’avez pas pris ce quiz